| 000 | 01154nam a2200301 i 4500 | ||
|---|---|---|---|
| 003 | CSPC | ||
| 005 | 20240627162438.0 | ||
| 008 | 210302s2020 ph a ab 000 0 eng d | ||
| 040 |
_cCSPC _aCSPC _beng |
||
| 090 | _aUTH BSECE B644i 2020 | ||
| 100 |
_aBoral, Ma. Kirsten Faye R., _eauthor. |
||
| 245 | 0 | 0 |
_aIOT-based rice crop monitoring system _cMa. Kirsten Faye R. Boral [and 4 others]. |
| 260 |
_aNabua, Camarines Sur : _bCamarines Sur Polytechnic Colleges _c2020. |
||
| 300 | _a122 leaves. | ||
| 502 |
_aUndergraduate Thesis (BSECE) - Electronics Engineering _cCamarines Sur Polytechnic Colleges, 2020. |
||
| 504 | _aIncludes bibliographical references. | ||
| 700 |
_aDacles, Ella Mae Ll., _eauthor. |
||
| 700 |
_aIlarde, Jarene Mae L., _eauthor. |
||
| 700 |
_aLozano, Kyle Julius P., _eauthor. |
||
| 700 |
_aSales, Christian C., _eauthor. |
||
| 720 |
_aTerano, Harold Jan R., _eadviser. |
||
| 720 |
_aBarbonio, Eugene P., _epanelist, chair |
||
| 720 |
_aRomulo, Ruel R., _epanelist. |
||
| 720 |
_aOares, Christopher T., _epanelist. |
||
| 940 | _aLenie | ||
| 942 |
_2ddc _cUM _hB644i _iBSECE _kUTH _m2020 |
||
| 999 |
_c11206 _d11206 |
||